Biblioteca

Ámbito (Registro nro. 67973)

Detalles MARC
000 -LÍDER
Campo fijo de descripción fija 01717nam a2200229 i 4500
001 - NÚMERO DE CONTROL
Campo de control 768714001
003 - IDENTIFICADOR DEL NÚMERO DE CONTROL
Campo de control CO-MdFUSB
005 - FECHA Y HORA DE LA ULTIMA TRANSACCIÓN
control field 20220715171346.0
008 - ELEMENTOS DE LONGITUD FIJA -- INFORMACIÓN GENERAL
Campo fijo de descripción fija -- Información general 220715t1984 ck |||| |||| 00| 0 spa d
040 ## - FUENTE DE CATALOGACIÓN
Idioma de catalogación spa
Agencia Catalogadora CO-MdFUSB
Agencia que realiza la transcripción CO-MdFUSB
Agencia que realiza la modificación CO-MdFUSBC
Modificador rda
041 ## - CÓDIGO DE IDIOMA
Código de idioma para texto/pista de sonido o título separado spa
100 ## - ASIENTO PRINCIPAL--NOMBRE PERSONAL
Nombre personal Aleixandre, Vicente,
Término relacionador autor
245 ## - TÍTULO
Título Ámbito
Mención de responsabilidad / Vicente Aleixandre
300 ## - DESCRIPCIÓN FÍSICA
Dimensiones Volumen 6, (1984) páginas 325 - 355 ;
Extensión 22 cm
336 ## - TIPO DE CONTENIDO
Source rdacontent
337 ## - TIPO DE MEDIO
Source rdamedia
338 ## - TIPO DE SOPORTE
Source rdacarrier
520 ## - NOTA DE RESUMEN, ETC.
Nota de sumario, etc. El libro inaugural de Vicente Aleixandre es todavía de oscilación estilística. Conviven en él tendencias muy dispares, propias de la dispersión estética que imperaba en España en los años veinte: neogongorismo, ultraísmo, poesía pura, surrealismo incipiente y controlado... Por encima de su difícil ubicación dentro de los esquemas generales del 27, destaca su sentido de anticipación de las tres etapas que integran esta poesía y de sus preocupaciones temáticas.La poesía irracionalista, de fusión cósmica y exaltación de lo elemental y lo erótico, la poesía de realidad, con el descubrimiento del tiempo y el emerger del hombre en su dimensión histórica y social, y la poesía de la última etapa, de vuelta a la conciencia del yo, se encuentran contenidas en esta obra.El deseo de identificación con el Todo, encarnado bajo la forma de la noche, pudiera dar sentido a una interpretación connotativa del título: Ámbito como ambición, como aspiración a poseer la inmensidad, en colosal abrazo.
650 #7 - ASIENTO SECUNDARIO DE MATERIA - TERMINO TEMÁTICO
9 (RLIN) 7089
Término temático o nombre geográfico como elemento de entrada Literatura española
773 0# - ASIENTO DE ITEM FUENTE
Biblionumber 67924
Itemnumber 81145
Asiento principal Oveja Negra,
Otro identificador del ítem 24695
Título Maestros de la literatura universal
Número de control del registro (CO-MdFUSB)768714001
International Standard Book Number 8482806718
942 ## - TIPO DE MATERIAL (KOHA)
Tipo de Item KOHA Libros General

No hay ítems disponibles.

Biblioteca FUSBC | Teléfono: (57+4) 349 88 10 Ext. 141| WhatsApp (+57) 3005338115 
E-mail: biblioteca@unisbc.edu.co | Calle 76 87-14 Robledo Palenque, Medellín, Colombia

Con tecnología Koha